| 000 | 01146nam a2200325 i 4500 | ||
|---|---|---|---|
| 001 | 000011961 | ||
| 003 | DO-SdBNP | ||
| 005 | 20251111102108.0 | ||
| 007 | ta | ||
| 008 | 091102s2005 dr a r 000 f spa d | ||
| 020 | _z999348234X | ||
| 040 |
_aDO-SdBNP _bspa _cDO-SdBNP _erda |
||
| 041 | _aspa | ||
| 082 | 4 |
_aRD863.4 _bC422s 2005 _222 |
|
| 100 | 1 |
_aCestero, Tulio M., _q(Tulio Manuel), _d1877-1955 _91698 _4aut. _eautor |
|
| 245 | 1 | 3 |
_aLa sangre : _buna vida bajo la tiranía / _cTulio M. Cestero. |
| 264 |
_aSanto Domingo, República Dominicana : _bABC Editorial, _c2005. |
||
| 300 |
_a111 páginas : _bilustraciones ; _c22 cm. |
||
| 336 |
_atexto _btxt _2rdacontent |
||
| 337 |
_asin mediación _bn _2rdamedia |
||
| 338 |
_avolumen _bnc _2rdacarrier |
||
| 500 | _aIncluye referencias bibliográficas y notas al pie de las páginas. | ||
| 500 | _aIncluye datos biográficos del autor en la sola de la cubierta | ||
| 590 | _aInventariado, 2019/BT | ||
| 650 | 0 |
_aNovela histórica dominicana. _9860 |
|
| 650 | 0 |
_aLiteratura dominicana. _967 |
|
| 910 | _aValidado. Control de calidad. MMOLINA | ||
| 942 |
_2ddc _cLBS1 |
||
| 956 | _aVMateo | ||
| 999 |
_c11631 _d11631 |
||